5 by 5 Cartoon Characters Quiz Stats

 Plays Quiz Updated Jun 17, 2015

Challenge
Share
Tweet
Score 0/25 Timer 05:00
7 Plays Today
Hint Answer % Correct
Scooby Doo
97.9%
Looney TunesBugs Bunny
96.9%
Tweety Bird
95.3%
Charlie Brown
94.7%
Snoopy
93.8%
Shaggy Rogers
92.9%
The FlintstonesBarney Rubble
91.2%
Bamm-Bamm Rubble
90.6%
Scooby-DooFred Jones
90.1%
Wilma Flintstone
87.8%
Velma Dinkley
87.2%
Elmer Fudd
85%
Dino
84.5%
Hint Answer % Correct
Daphne Blake
83.2%
Pebbles Flintstone
82.5%
Wile E. Coyote
82.4%
The JetsonsGeorge Jetson
81.1%
PeanutsLinus van Pelt
76.9%
Lucy van Pelt
76.3%
Marvin the Martian
67.6%
Jane Jetson
66.7%
Elroy Jetson
66.7%
Judy Jetson
63.7%
Astro
59.1%
Sally Brown
51.8%

You're not logged in!

Compare scores with friends on all Sporcle quizzes.
Join for Free
OR
Log In

You Might Also Like...

Show Comments

Extras

Top Quizzes Today


Score Distribution

Your Account Isn't Verified!

In order to create a playlist on Sporcle, you need to verify the email address you used during registration. Go to your Sporcle Settings to finish the process.

Report this User

Report this user for behavior that violates our Community Guidelines.

Details: